000 00524cam a22002051a 4500
001 he 67000355
003 DLC
005 20260227111444.0
008 840417s1966 is 000 0 hebr
010 _ahe 67000355
035 _a(OCoLC)19169251
040 _aDLC
_cMH
_dAzU
_dDLC
042 _apremarc
050 0 0 _aPJ5053.S27
_bO4
100 1 _aSackler, Harry,
_d1883-
245 1 0 _aʻOlelot /
_cme-et H. Seḳler.
260 _aTel Aviv :
_bYavneh,
_c[1966]
300 _a150 p. ;
_c24 cm.
752 _aIsrael
_dTel Aviv
999 _c32174
_d32174